000 00796nam a2200229 a 4500
001 000030850
003 OSt
005 20210408122734.0
008 110601s1945 dr r 000 0 spa d
040 _aDO-SdBNP
_bspa
_cBNPHU
082 4 _a070.97293
_bR696c
100 1 _aRodríguez O., Miguel
_957387
245 1 0 _aCuarenta años de periodismo /
_cMiguel Rodríguez O. ; portada-caricatura por Enrique Tarazona.
260 _aCiudad Trujillo, República Dominicana :
_b[s. n.],
_c1945.
300 _a33 p. ;
_c22 cm.
590 _aInventariado, 2018/ YL
600 1 4 _aRodriguez, Miguel,
_929851
650 4 _aPeriodismo
_zRepública Dominicana
_xHistoria
_985
650 4 _aPeriodistas
_zRepública Dominicana
_xHistoria
_976725
910 _aValidado. Control de calidad MFF
942 _2ddc
_cLF1
999 _c30342
_d30342